Central Library OPAC University of Rajshahi

The elements of short-term group counseling / (Record no. 33653)

MARC details
000 -LEADER
fixed length control field 00751nam a2200229 a 4500
001 - CONTROL NUMBER
control field 33653
003 - CONTROL NUMBER IDENTIFIER
rucl marc code BD-RjUL
005 - DATE AND TIME OF LATEST TRANSACTION
control field 20211209052035.0
008 - FIXED-LENGTH DATA ELEMENTS--GENERAL INFORMATION
fixed length control field 140510s1978 000 0 eng d
035 ## - SYSTEM CONTROL NUMBER
System control number (BD-RjUL)33744
040 ## - CATALOGING SOURCE
Original cataloging agency APLS
Language of cataloging eng
Transcribing agency APLS
Modifying agency APLS
-- BD-RjUL
041 ## - LANGUAGE CODE
Language code of text/sound track or separate title eng
082 04 - DEWEY DECIMAL CLASSIFICATION NUMBER
Classification number 361.323
Author mark and year GRE 1978
100 1# - MAIN ENTRY--PERSONAL NAME
Personal name Grayson, Ellis S.
9 (RLIN) 102171
245 14 - TITLE STATEMENT
Title The elements of short-term group counseling /
Statement of responsibility, etc. Ellis S. Grayson ; illustrated by Norma Wilkie.
260 ## - PUBLICATION, DISTRIBUTION, ETC. (IMPRINT)
Place of publication, distribution, etc. College Park, Md. :
Name of publisher, distributor, etc. American Correctional Association,
Date of publication, distribution, etc. c1978.
300 ## - PHYSICAL DESCRIPTION
Pagination xiii, 112 p. :
Illustrations ill.
Size 23 cm.
650 #0 - SUBJECT ADDED ENTRY--TOPICAL TERM
Topical term or geographic name as entry element Group counseling.
9 (RLIN) 3641
Topical term or geographic name as entry element Prison psychology.
9 (RLIN) 102172
710 2# - ADDED ENTRY--CORPORATE NAME
Corporate name or jurisdiction name as entry element American Correctional Association.
9 (RLIN) 102173
942 ## - ADDED ENTRY ELEMENTS (KOHA)
Source of classification or shelving scheme Dewey Decimal Classification
Koha item type Books
Holdings
Lost status Source of classification or shelving scheme Damaged status Not for loan Collection code Permanent Location Current Location Shelving location Date acquired Source of acquisition Total Checkouts Full call number Date last seen Copy number Koha item type
  Dewey Decimal Classification   Not For Loan Non-fiction Central Library, University of Rajshahi Central Library, University of Rajshahi Reading Room 07/12/1986 Asia Foundation   361.323 GRE 1978 10/05/2014 C-1 Books